000 00945nas a2200325 4500
001 BR0900183
003 BR-BrBNA
005 20231205113006.0
007 ta
008 230509b bl.|||p| |||| 00| 00por d
040 _aBR-BrBNA
_bpor
_cBiblioteca Nacional de Agricultura
041 _a(Pt)
072 _aF04
100 1 _aCollier, L.S.
100 1 _aCastro, D.V.
100 1 _aDias Neto, J.J.
100 1 _aBrito, D.R.
100 1 _aRibeiro, P.A. de A.
245 1 _aManejo da adubação nitrogenada para o milho sob palhada de leguminosas em plantio direto em Gurupi, TO
650 _aMILHO
650 _aADUBAÇÃO
650 _aNITROGÊNIO
650 _aRESÍDUO
650 _aPLANTA DE COBERTURA
650 _aSOLO
650 _aTOCANTINS
773 0 _tCiência Rural (Brazil)
_xISSN 0103-8478
_g(Jul-Aug 2006), v. 36(4) p. 1100-1105
_wBR0900183
909 _a202311
_bLúcia
_c55
_dLúcia Elande
942 _2AGRIS
_n0
_cANA
999 _c201212
_d201212